00269nam a2200121Ia 4500008004100000100001400041245002200055260002600077300000700103650001300110942000700123999001700130190216s9999||||xx |||||||||||||| ||und|| aSreedaran 0aEnde Minikathakal bIm Print Books Kollam a61 aKathakal cBK c27746d27746